Textbook of Applied Nutrition and Dietetics for Undergraduate Nursing Students (Record no. 144299)

MARC details
000 -LEADER
fixed length control field 00436nam a2200145Ia 4500
008 - FIXED-LENGTH DATA ELEMENTS--GENERAL INFORMATION
fixed length control field 230403s9999 xx 000 0 und d
020 ## - INTERNATIONAL STANDARD BOOK NUMBER
International Standard Book Number 978-81-9472766-8
041 ## - LANGUAGE CODE
Language code of text/sound track or separate title eng
082 ## - DEWEY DECIMAL CLASSIFICATION NUMBER
Classification number N/613.2/BAN/B10133
100 ## - MAIN ENTRY--PERSONAL NAME
Personal name Bandana
9 (RLIN) 180188
245 ## - TITLE STATEMENT
Title Textbook of Applied Nutrition and Dietetics for Undergraduate Nursing Students
260 ## - PUBLICATION, DISTRIBUTION, ETC. (IMPRINT)
Name of publisher, distributor, etc. Vision Health Sciences Pub.
Place of publication, distribution, etc. Mohali
Date of publication, distribution, etc. 2021
300 ## - PHYSICAL DESCRIPTION
Extent 356p
Holdings
Withdrawn status Lost status Damaged status Not for loan Collection code Home library Current library Date acquired Vendor Cost, normal purchase price Bill number Total Checkouts Total Renewals Full call number Barcode Date last seen Date last checked out Cost, replacement price Bill Date Koha item type Original Barcode
          Smt. Bakul Tambat Institute of Nursing Education Smt. Bakul Tambat Institute of Nursing Education 17/03/2023 S.K.Kothari,Pune. 450.00 256 23 32 N 613.2 BAN B10133 BTIN-BK-10133 21/01/2026 12/01/2026 295.50 17/03/2023 Books B10133
          Smt. Bakul Tambat Institute of Nursing Education Smt. Bakul Tambat Institute of Nursing Education 17/03/2023 S.K.Kothari,Pune. 450.00 256 25 35 N 613.2 BAN B10134 BTIN-BK-10134 21/01/2026 12/01/2026 292.50 17/03/2023 Books B10134
          Smt. Bakul Tambat Institute of Nursing Education Smt. Bakul Tambat Institute of Nursing Education 17/03/2023 S.K.Kothari,Pune. 450.00 256 28 31 N 613.2 BAN B10135 BTIN-BK-10135 21/07/2025 23/06/2025 292.50 17/03/2023 Books B10135
          Smt. Bakul Tambat Institute of Nursing Education Smt. Bakul Tambat Institute of Nursing Education 17/03/2023 S.K.Kothari,Pune. 450.00 256 24 31 N 613.2 BAN B10136 BTIN-BK-10136 21/07/2025 26/06/2025 292.50 17/03/2023 Books B10136
          Smt. Bakul Tambat Institute of Nursing Education Smt. Bakul Tambat Institute of Nursing Education 17/03/2023 S.K.Kothari,Pune. 450.00 256 28 32 N 613.2 BAN B10137 BTIN-BK-10137 21/07/2025 27/06/2025 292.50 17/03/2023 Books B10137